[Event "Bodensee op"]
[Site "Bregenz"]
[Date "2022.05.28"]
[Round "8"]
[White "Kozissnik, Christian"]
[Black "Dittmar, Peter"]
[Result "1-0"]
[WhiteElo "2024"]
[BlackElo "2246"]
[PlyCount "103"]
[EventDate "2022.05.21"]
[EventType "swiss"]
[EventRounds "9"]
[EventCountry "AUT"]
[SourceTitle "CBM 208 Extra"]
[Source "ChessBase"]
[SourceDate "2022.07.31"]
[SourceVersion "1"]
[SourceVersionDate "2022.07.31"]
[SourceQuality "1"]

1. d4 Nf6 2. c4 e6 3. Nf3 Bb4+ 4. Bd2 Qe7 5. a3 Bxd2+ 6. Nbxd2 d6 7. g3 0-0 8. Bg2 e5 9. e3 e4 10. Ng5 Bf5 11. Qc2 Re8 12. Nh3 c6 13. 0-0 Nbd7 14. b4 Nf8 15. Nf4 Ne6 16. Ne2 Ng5 17. Nc3 Bg6 18. Rae1 Nf3+ 19. Bxf3 exf3 20. e4 d5 21. Nxf3 dxe4 22. Ne5 Bf5 23. Re3 Rad8 24. Rd1 Ng4 25. Nxg4 Bxg4 26. Rde1 Rxd4 27. Nxe4 Rf8 28. Nc5 Qf6 29. Nxb7 Be6 30. c5 Bd5 31. Nd6 g6 32. Qc3 Kg7 33. Ne8+ Rxe8 34. Rxe8 Rc4 35. Qxf6+ Kxf6 36. Ra8 h5 37. Rxa7 h4 38. Rd7 g5 39. f4 gxf4 40. gxf4 Rc2 41. Re5 h3 42. Rdxd5 cxd5 43. Rxd5 Rg2+ 44. Kf1 Rxh2 45. Rh5 Ke6 46. Kg1 Rg2+ 47. Kh1 Rg3 48. c6 Kd6 49. Rc5 Kc7 50. b5 Rxa3 51. b6+ Kc8 52. b7+ 1-0

[Event "Bassano del Grappa Easter op-A 2nd"]
[Site "Bassano del Grappa"]
[Date "2022.04.18"]
[Round "8"]
[White "Budyi, Danylo"]
[Black "Kozissnik, Christian"]
[Result "0-1"]
[WhiteElo "1817"]
[BlackElo "2045"]
[PlyCount "60"]
[EventDate "2022.04.14"]
[EventType "swiss"]
[EventRounds "9"]
[EventCountry "ITA"]
[SourceTitle "EXT 2024"]
[Source "ChessBase"]
[SourceDate "2023.10.10"]
[SourceVersion "1"]
[SourceVersionDate "2023.10.10"]
[SourceQuality "1"]

1. d4 c5 2. d5 d6 3. c4 g6 4. e4 Bg7 5. Bd3 e6 6. Nc3 exd5 7. exd5 Ne7 8. Nge2 0-0 9. 0-0 Na6 10. a3 Bf5 11. Bg5 Bxd3 12. Qxd3 Qd7 13. Ng3 Nc7 14. Rab1 f5 15. Rfe1 Rae8 16. Qd2 Rf7 17. f4 b5 18. cxb5 Nxb5 19. Nxb5 Qxb5 20. Re6 Bd4+ 21. Kh1 Nxd5 22. Rxe8+ Qxe8 23. Ne2 Qe3 24. Qxe3 Nxe3 25. Bh4 Rb7 26. Bf2 Nc2 27. Bxd4 cxd4 28. Rd1 Rxb2 29. Kg1 Ne3 30. Rxd4 Rxe2 0-1

[Event "Bassano del Grappa Easter op-A 2nd"]
[Site "Bassano del Grappa"]
[Date "2022.04.14"]
[Round "2"]
[White "Kalogridis, Antonios"]
[Black "Kozissnik, Christian"]
[Result "1-0"]
[WhiteElo "2316"]
[BlackElo "2045"]
[PlyCount "63"]
[EventDate "2022.04.14"]
[EventType "swiss"]
[EventRounds "9"]
[EventCountry "ITA"]
[SourceTitle "EXT 2024"]
[Source "ChessBase"]
[SourceDate "2023.10.10"]
[SourceVersion "1"]
[SourceVersionDate "2023.10.10"]
[SourceQuality "1"]

1. d4 d5 2. c4 e6 3. Nc3 a6 4. cxd5 exd5 5. Bf4 Nf6 6. e3 Bd6 7. Bg5 Be6 8. Bd3 Nbd7 9. Nge2 c5 10. Nf4 Qa5 11. 0-0 c4 12. Nxe6 fxe6 13. Bc2 0-0 14. e4 Nxe4 15. Nxe4 dxe4 16. Qg4 Rae8 17. Bxe4 Nf6 18. Bxf6 Rxf6 19. g3 Ref8 20. Qe2 b5 21. a4 Qb6 22. axb5 axb5 23. Rad1 Kh8 24. Kh1 Rh6 25. f4 Qd8 26. Kg2 g5 27. f5 exf5 28. Rxf5 Re8 29. Qg4 Rhe6 30. Rf7 Rxe4 31. Qf5 Re2+ 32. Kg1 1-0

[Event "AUT-ch Vor3 Internet"]
[Site "Playchess.com INT"]
[Date "2020.04.17"]
[Round "1"]
[White "Dilly, Julian"]
[Black "Kozissnik, Christian"]
[Result "0-1"]
[WhiteElo "1502"]
[BlackElo "2023"]
[PlyCount "46"]
[EventDate "2020.04.17"]
[EventType "swiss (blitz)"]
[EventRounds "9"]
[EventCountry "AUT"]
[SourceTitle "CBM 195 Extra"]
[Source "ChessBase"]
[SourceDate "2020.05.31"]
[SourceVersion "1"]
[SourceVersionDate "2020.05.31"]
[SourceQuality "1"]

1. Nf3 d5 2. g3 c6 3. Bg2 e6 4. d3 f5 5. Nbd2 Nf6 6. 0-0 Be7 7. c4 0-0 8. b3 Nbd7 9. Bb2 Qc7 10. Re1 e5 11. e4 fxe4 12. dxe4 d4 13. a3 Nc5 14. Bf1 Bg4 15. h3 Bxf3 16. Qxf3 Nfxe4 17. Qxf8+ Rxf8 18. Nxe4 Nxb3 19. Rab1 Nc5 20. Nxc5 Bxc5 21. Rbd1 Qf7 22. Rd2 d3 23. Bxd3 Bxf2+ 0-1

[Event "AUT-ch Vor3 Internet"]
[Site "Playchess.com INT"]
[Date "2020.04.17"]
[Round "7"]
[White "Kozissnik, Christian"]
[Black "Huber, Martin Christian"]
[Result "0-1"]
[WhiteElo "2023"]
[BlackElo "2341"]
[PlyCount "52"]
[EventDate "2020.04.17"]
[EventType "swiss (blitz)"]
[EventRounds "9"]
[EventCountry "AUT"]
[SourceTitle "CBM 195 Extra"]
[Source "ChessBase"]
[SourceDate "2020.05.31"]
[SourceVersion "1"]
[SourceVersionDate "2020.05.31"]
[SourceQuality "1"]

1. d4 Nf6 2. Nf3 g6 3. g3 Bg7 4. Bg2 0-0 5. 0-0 d6 6. c3 Nc6 7. Re1 e5 8. e4 Bg4 9. d5 Ne7 10. Qc2 Ne8 11. h3 Bd7 12. Be3 h6 13. c4 f5 14. Nc3 f4 15. Bd2 g5 16. g4 Nf6 17. Rab1 Qe8 18. b4 Qg6 19. c5 h5 20. gxh5 Qxh5 21. c6 bxc6 22. dxc6 Bxh3 23. Nd5 Nexd5 24. exd5 Qg4 25. Nh4 gxh4 26. Qe4 Nxe4 0-1

[Event "AUT-ch Vor2 Internet"]
[Site "Playchess.com INT"]
[Date "2020.04.13"]
[Round "2"]
[White "Kozissnik, Christian"]
[Black "Lerch, Johannes"]
[Result "0-1"]
[WhiteElo "2023"]
[BlackElo "2005"]
[PlyCount "116"]
[EventDate "2020.04.13"]
[EventType "swiss (blitz)"]
[EventRounds "9"]
[EventCountry "AUT"]
[SourceTitle "CBM 195 Extra"]
[Source "ChessBase"]
[SourceDate "2020.05.31"]
[SourceVersion "1"]
[SourceVersionDate "2020.05.31"]
[SourceQuality "1"]

1. d4 d5 2. e3 Nf6 3. Bd3 e6 4. b3 c5 5. c3 Nc6 6. Bb2 b6 7. f4 Bd6 8. Nf3 Bb7 9. 0-0 0-0 10. Ne5 Ne4 11. Nd2 Nxd2 12. Qxd2 f6 13. Ng4 f5 14. Ne5 Nxe5 15. fxe5 Be7 16. Rf3 Qe8 17. Raf1 Rc8 18. Qe2 g6 19. Bb5 Bc6 20. Bxc6 Qxc6 21. Rh3 Rf7 22. Qf3 Rcf8 23. Kh1 a6 24. Qe2 b5 25. c4 cxd4 26. cxb5 Qxb5 27. Qxb5 axb5 28. exd4 Ra8 29. Ra1 Ba3 30. Bxa3 Rxa3 31. Rc3 Rfa7 32. h3 Rxa2 33. Rxa2 Rxa2 34. Rc5 Rd2 35. Rxb5 Rxd4 36. Rb6 Kf7 37. Rb7+ Kg8 38. b4 Rd1+ 39. Kh2 Rb1 40. Rb8+ Kf7 41. Rb7+ Ke8 42. b5 d4 43. Kg3 d3 44. b6 d2 45. Rb8+ Kd7 46. Rb7+ Kc6 47. Rc7+ Kxb6 48. Rc8 d1Q 49. Rb8+ Kc7 50. Rxb1 Qxb1 51. Kh4 Qe4+ 52. g4 fxg4 53. hxg4 h6 54. Kh3 Qxe5 55. Kh4 Qg5+ 56. Kh3 h5 57. Kh2 Qxg4 58. Kh1 Kd6 0-1

[Event "AUT-ch U18"]
[Site "Sankt Veit an der Glan"]
[Date "2019.04.16"]
[Round "5"]
[White "Leisch, Lukas"]
[Black "Kozissnik, Christian"]
[Result "1-0"]
[WhiteElo "2241"]
[BlackElo "1969"]
[PlyCount "71"]
[EventDate "2019.04.14"]
[EventType "swiss"]
[EventRounds "7"]
[EventCountry "AUT"]
[SourceTitle "CBM 190 Extra"]
[Source "ChessBase"]
[SourceDate "2019.07.15"]
[SourceVersion "1"]
[SourceVersionDate "2019.07.15"]
[SourceQuality "1"]

1. Nf3 Nf6 2. c4 b6 3. d4 Bb7 4. g3 g6 5. Bg2 Bg7 6. 0-0 d6 7. d5 c5 8. Nc3 a6 9. a4 h6 10. e4 Nbd7 11. Re1 Ng8 12. Qc2 g5 13. h3 Ne5 14. Nxe5 Bxe5 15. Be3 Qc7 16. f4 gxf4 17. gxf4 Bf6 18. Bf2 e5 19. dxe6 fxe6 20. e5 Bxg2 21. Qg6+ Kd7 22. exf6 Bxh3 23. Qg7+ Ne7 24. Qxe7+ Kc6 25. Qxc7+ Kxc7 26. Kh2 Bg4 27. a5 bxa5 28. Rxa5 Rab8 29. Rxa6 Rxb2 30. Kg3 Bf5 31. Nb5+ Kb7 32. Ra7+ Kb8 33. Rg7 Rb3+ 34. Re3 Rxe3+ 35. Bxe3 Rf8 36. f7 1-0

[Event "Bodensee op"]
[Site "Bregenz"]
[Date "2018.05.06"]
[Round "2"]
[White "Wagner, Leopold Franziskus"]
[Black "Kozissnik, Christian"]
[Result "1/2-1/2"]
[WhiteElo "2234"]
[BlackElo "2001"]
[PlyCount "144"]
[EventDate "2018.05.05"]
[EventType "swiss"]
[EventRounds "9"]
[EventCountry "AUT"]
[SourceTitle "CBM 184 Extra"]
[Source "ChessBase"]
[SourceDate "2018.06.28"]
[SourceVersion "1"]
[SourceVersionDate "2018.06.28"]
[SourceQuality "1"]

1. Nf3 g6 2. g3 Bg7 3. Bg2 Nf6 4. 0-0 0-0 5. c4 c5 6. d3 d6 7. Nbd2 Nbd7 8. Rb1 Rb8 9. b4 b6 10. a3 Bb7 11. e4 Ne8 12. Bb2 e5 13. Ne1 f5 14. exf5 Bxg2 15. Nxg2 gxf5 16. f4 exf4 17. Nxf4 Bxb2 18. Rxb2 Qf6 19. Ra2 Ng7 20. Nf3 Ne5 21. Nd5 Nxf3+ 22. Qxf3 Qd4+ 23. Raf2 Rbe8 24. Kh1 h5 25. Nf4 Re3 26. Qb7 Rf7 27. Qa8+ Re8 28. Qg2 Re3 29. Qh3 Re8 30. Rf3 Re3 31. Qh4 Rxf3 32. Rxf3 Qf6 33. Qxf6 Rxf6 34. Re3 Kf7 35. Kg2 Rh6 36. Kh3 cxb4 37. axb4 Ne6 38. Nd5 Rg6 39. Re2 Ng5+ 40. Kg2 Ne6 41. Ra2 a5 42. bxa5 bxa5 43. Rxa5 f4 44. Kf2 fxg3+ 45. hxg3 Nc5 46. Ra7+ Kf8 47. Nf4 Rh6 48. Ra1 h4 49. g4 Rf6 50. Ke3 Ne6 51. Rf1 Ke8 52. Rf2 Ng5 53. Rh2 h3 54. Rh1 Kd7 55. Rh2 Kc6 56. d4 Rf7 57. d5+ Kc5 58. Ne6+ Nxe6 59. dxe6 Re7 60. Rxh3 Kxc4 61. Kf4 Rxe6 62. Kf5 Re8 63. g5 d5 64. Kf6 Rg8 65. g6 d4 66. Kf7 Rxg6 67. Kxg6 d3 68. Kf5 d2 69. Rh1 Kd3 70. Kf4 Kc2 71. Ke3 d1Q 72. Rxd1 Kxd1 1/2-1/2